| 000 | 01159nam0a22002531 4500 | ||
|---|---|---|---|
| 001 | rc\2927636 | ||
| 005 | 20250805160813.4 | ||
| 035 | _a(NLR Aleph) 007077329 | ||
| 090 |
_a6441295 _c6441295 |
||
| 100 | _a20040923d1943 |||y0rusy50 ca | ||
| 101 | 0 | _arus | |
| 102 | _aRU | ||
| 105 | _ay z ||||y | ||
| 200 | 1 |
_aЗадачи агитационно-пропагандистской работы, вытекающие из решений ЦК ВКП(б) от 13-го апреля 1943 года и VIII пленума Обкома ВКП(б) _eСокр. доклад, сделанный 2-го июля 1943 г. в г. Якутске на Респ. совещании сел. пропагандистов _fОтдел парт. пропаганды и агитации Якут. обкома ВКП(б) |
|
| 210 |
_aЯкутск _cБ. и. _d1943 |
||
| 215 |
_a22 с., без тит. л. _d22 см |
||
| 700 | 1 |
_aБордонский _bС. А. |
|
| 801 | 0 |
_aRU _bNLR _gpsbo |
|
| 801 | 1 |
_aRU _bELAR _2rusmarc |
|
| 852 |
_aNLR _jИп10 Г-6/7 |
||
| 942 | _cBOOK | ||
| 945 | _aРоссийская национальная библиотека | ||
| 980 | _aNB | ||
| 980 | _aBV | ||